000 00742nam a2200205Ia 4500
003 GCL
008 140319s9999 xx 000 0 ara d
040 _aGCL /
_cGCL
082 0 4 _a953.5
_bو د
100 1 _aوزارة الاعلام والثقافة
245 1 0 _aدولة الامارات العربية المتحدة 1993 /
_cوزارة الاعلام والثقافة
300 _a204 ص
490 _aالهيئة العامة للاستعلامات
_v0
650 0 4 _aالاحوال الاقتصادية
650 0 4 _aالتاريخ
650 0 4 _aالجغرافيا الاقتصادية
650 0 4 _aالامارات العربية المتحدة
650 0 4 _aالامارات - علاقات خارجية
942 _2ddc
_cBK
999 _c50133
_d50133